| 000 | 00503nam a22001697a 4500 | ||
|---|---|---|---|
| 003 | 0 | ||
| 005 | 20220804084535.0 | ||
| 008 | 220804b xxu||||| |||| 00| 0 eng d | ||
| 020 | _a978-621-8205-00-0 | ||
| 050 |
_aKF390 _b.D56 2020 |
||
| 245 |
_aRegulatory framework and legal issues in business part II _cAndrix D. Domingo |
||
| 260 |
_aBaguio City _bCoaching for results publishing _c2020 |
||
| 300 |
_a563pp. _c23cm. _fBook |
||
| 500 | _aLegal issues. | ||
| 500 | _aCommercial law. | ||
| 942 |
_2lcc _cBK |
||
| 999 |
_c364763 _d364763 |
||